La realidad nacional agravada por la crisis del sistema capitalista latinoamericano y la guerra que sufre el país

সংরক্ষণ করুন:
গ্রন্থ-পঞ্জীর বিবরন
বিন্যাস: পাঠ‍্য
বিষয়গুলি:
ট্যাগগুলো: ট্যাগ যুক্ত করুন
কোনো ট্যাগ নেই, প্রথমজন হিসাবে ট্যাগ করুন!

MARC

LEADER 00000 a a2200000 04500
001 5090
003
040
245 |a La realidad nacional agravada por la crisis del sistema capitalista latinoamericano y la guerra que sufre el país  
650 |a GUERRA  
650 |a CAPITALISMO  
650 |a PRODUCCION  
650 |a ECONOMIA  
650 |a POLITICA  
650 |a EL SALVADOR  
773 |g volumen 2, número 8; páginas 1-11  
999 |c 30500  |d 30500